000 nam a22 7a 4500
999 _c40601
_d40601
003 OSt
005 20170922163122.0
008 170922b xxu||||| |||| 00| 0 eng d
040 _csero soft
100 _aSrivastava,O.P
245 _aPrinciples of Criminal Law Sociolology
260 _aLucknow
_bEastern book company
_c23-04-2017
300 _a279
942 _2ddc
_c01